Movies Quiz

Random Movies or Logic Quiz

Oscars logic puzzle Quiz Stats

 Plays Quiz not verified by Sporcle

Score 0/25 Timer 20:00
0 Plays Today
Hint Answer % Correct
A1






???
100%
E3






???
64.1%
B4






???
61.2%
A4






???
34.9%
E1






???
33.8%
D4






???
31.8%
D5






???
23.9%
E4






???
22.4%
E5






???
21.4%
A5






???
18.1%
C4






???
17.9%
D3






???
17.4%
D2






???
14.5%
Hint Answer % Correct
C3






???
14.1%
A3






???
11.4%
B5






???
11.2%
C5






???
11.2%
E2






???
11.1%
B3






???
11%
D1






???
10.6%
A2






???
9.6%
C1






???
9.3%
C2






???
8.6%
B2






???
8.1%
B1






???
7.7%

You're not logged in!

Compare scores with friends on all Sporcle quizzes.
OR
Log In

You Might Also Like...

Show Comments

Extras

Top Quizzes Today


Score Distribution

Your Account Isn't Verified!

In order to create a playlist on Sporcle, you need to verify the email address you used during registration. Go to your Sporcle Settings to finish the process.

Report this User

Report this user for behavior that violates our Community Guidelines.

Details: